Prístupy k manažmentu hospodárskeho rizika

Vysvetlenie pojmu hospodárske riziko. Riziko ako nebezpečenstvo chybnej informácie. Rozdielne informácie pre jednotlivé stupne riadenia. Firemné informačné technológie - stavané tak, aby poskytli poklady každému stupňu manažmentu firmy. Riziko ako nebezpečenstvo chybného rozhodnutia. Riziko ako nebe...

Ausführliche Beschreibung

Gespeichert in:
Bibliographische Detailangaben
1. Verfasser: Čunderlík, Dušan
Format: Buchkapitel
Sprache:Slowakisch
Schlagworte:
Tags: Tag hinzufügen
Keine Tags, Fügen Sie das erste Tag hinzu!

MARC

LEADER 00000naa a2200000 4500
001 r035161
005 20221129103300.0
041 0 |a slo 
044 |a SK 
245 1 0 |a Prístupy k manažmentu hospodárskeho rizika  |c Dušan Čunderlík 
520 |a Vysvetlenie pojmu hospodárske riziko. Riziko ako nebezpečenstvo chybnej informácie. Rozdielne informácie pre jednotlivé stupne riadenia. Firemné informačné technológie - stavané tak, aby poskytli poklady každému stupňu manažmentu firmy. Riziko ako nebezpečenstvo chybného rozhodnutia. Riziko ako nebezpečenstvo negatívnej odchýlky od cieľa. 
610 2 0 |a riziko 
610 2 0 |a pojmy 
610 2 0 |a informácie 
610 2 0 |a manažment 
610 2 0 |a technológie informačné 
610 2 0 |a rozhodovanie 
100 1 |a Čunderlík, Dušan